Responses for Show #6469 - Thursday, November 1, 2012

Keith Whitener game 7.

Contestants

[<< previous game]

Elizabeth Pfeifer, an executive assistant from Oakton, Virginia

John Mahone, an SAT teacher from Brooklyn, New York

Keith Whitener, a research chemist originally from Charlotte, North Carolina (whose 6-day cash winnings total $118,398)

[next game >>]

Jeopardy! Round responses

THE THREE Rs
(Alex: There will be three "R"s in each correct response.)
POLYNESIA
I WORKED FOR ROGER CORMAN
CONTESTS
THE OLD GRAY MAYOR
THE CIA
    $200 1
an error

John
    $200 6
the Maori

John
    $200 7
William Shatner

Keith
    $200 17
(Elizabeth: What is the Betty Crocker cook-off?)

The Pillsbury Bake-Off

Elizabeth
Triple Stumper
    $200 13
Bloomberg

Keith
    $400 2
rigor mortis

Keith
    $400 8
Captain Cook

Keith
    $400 10
James Cameron

Keith
    $400 18
Hemingway

Elizabeth
    $400 14
(John: Who is Daley?)
(Alex: Be more specific.)
(John: Who is... Chuck Daley?)
[Initially ruled incorrect; reversed after the first break]

(Richard) Daley

KeithJohn
    $600 3
resurrection

Keith
    $600 9
the taro

John
    $600 20
Scorsese

John
    $600 19
Nathan's

John
    $600 15
Topeka

Keith
    $800 4
a territory

John
    $800 11
(Keith: Who is Caine?)
...
(Alex: Who is [*], Mutiny on the Bounty.)

Fletcher Christian

Keith
Triple Stumper
    $800 21
(Francis Ford) Coppola

Keith
    $800 23
(Alex: [*] is right, with less than a minute to go.)

Peeps

John
    $800 16
Los Angeles

Elizabeth
    $800 27
[end-of-round signal sounds.]

Petraeus

John
    $1000 5
a rubbernecker

Keith
    $2,200 12
(Alex: [*], also known as Rapa Nui.)

Easter Island

Keith
    $1000 24
(Keith: Who is Roman Polanski?)

Robert Towne

Keith
Triple Stumper
    $1000 25
Eurovision

Keith
    $1000 22
Lord Mayor

Elizabeth
    $1000 26
(And this man was [*].)

the Shah of Iran

Triple Stumper

Scores at the first commercial break (after clue 14):

Keith John Elizabeth
$5,000 $2,200 $0

Scores at the end of the Jeopardy! Round:

Keith John Elizabeth
$6,400 $5,000 $2,000

Double Jeopardy! Round responses

LADY CEREBELLUM
NAMES IN THESE TUNES
THEY INSPIRED THE CHARACTER
WILL POWER
EDUCATION
THE "CIA"
    $400 2
comets

John
    $400 29
[The end-of-round signal sounds.]

Peter Pan

Elizabeth
    $400 6
(William) Penn

Keith
    $400 11
profit

Keith
    $400 1
appreciate

Keith
    $800 3
Johns Hopkins

Elizabeth
    $800 28
John

Elizabeth
    $800 27
(Severus) Snape

John
    $800 13
(William) Faulkner

Triple Stumper
    $800 26
phonics

Elizabeth
    $800 7
artificial

John
    $1200 4
a programming language

Keith
    $1200 24
(Alex: Minute to go.)

Earl

Elizabeth
    $1200 18
(Beatrix) Potter

John
    $1200 16
(William) Strunk

Keith
    $1200 25
(John: What is tardyism?)

absenteeism

JohnElizabeth
    $1200 8
antisocial

Elizabeth
    $1600 5
(Sally) Ride

John
    $1600 23
Judy

Triple Stumper
    $1600 14
(Theodore) Dreiser

Keith
    $5,000 17
William Rehnquist

Keith
    $1600 20
English as a second language

Keith
    $1600 9
emaciated

Elizabeth
    $2000 12
genes

Keith
    $2000 22
Renée

Triple Stumper
    $2000 15
Beloved

John
    $2000 19
William Booth

Triple Stumper
    $5,000 21
a teachable moment

Keith
    $2000 10
patrician

Triple Stumper

Scores at the end of the Double Jeopardy! Round:

Keith John Elizabeth
$25,200 $10,600 $10,000
(lock game)

[wagering suggestions for these scores]

Final Jeopardy! Round responses

THE 50 STATES
ElizabethWhat is Utah?
$0
JohnWhat is Utah?
$10,500
KeithWhat is Utah?
$3,999
Utah

Final scores:

Keith John Elizabeth
$29,199 $21,100 $10,000
7-day champion: $147,597 2nd place: $2,000 3rd place: $1,000

Game dynamics:

Coryat scores:

Keith John Elizabeth
$17,600 $10,600 $10,000
22 R
(including 3 DDs),
2 W
15 R,
1 W
11 R,
1 W

Combined Coryat: $38,200

[game clues] [game scores] [suggest correction]

Game tape date: 2012-08-21
The J! Archive is created by fans, for fans. Scraping, republication, monetization, and malicious use prohibited; this site may use cookies and collect identifying information. See terms. The Jeopardy! game show and all elements thereof, including but not limited to copyright and trademark thereto, are the property of Jeopardy Productions, Inc. and are protected under law. This website is not affiliated with, sponsored by, or operated by Jeopardy Productions, Inc. Join the discussion at JBoard.tv.